Zgadnij państwo po jego stolicy. #2 - Statystyki

Ogólne statystyki
  • Ten quiz został rozwiązany 97 razy
  • Średni wynik to 12 z 15
Statystyki odpowiedzi
Stolica Państwo % Poprawnych
Madryt Hiszpania
100%
Berlin Niemcy
100%
Londyn Wielka Brytania
98%
Praga Czechy
95%
Oslo Norwegia
92%
Buenos Aires Argentyna
88%
Kopenhaga Dania
87%
Ankara Turcja
86%
Ryga Łotwa
85%
Canberra Australia
69%
Hawana Kuba
69%
Tunis Tunezja
65%
Tajpej Tajwan
60%
Erywań Armenia
54%
Maskat Oman
27%
Nie znaleziono quizów pasujących do podanych kryteriów
Rozkład punktacji
Procent ludzi z każdym wynikiem
Percentyl według liczby udzielonych odpowiedzi
Twoja historia wyników
Nie rozwiązałeś tego quizu